书目信息 |
| 题名: |
中华文化史
|
|
| 作者: | 冯天瑜, , 何晓明, , 周积明, 著 | |
| 分册: | 上册 | |
| 出版信息: | 上海 上海人民出版社 2021.04 |
|
| 页数: | 442页 | |
| 开本: | 24cm | |
| 丛书名: | ||
| 单 册: | ||
| 中图分类: | K203 | |
| 科图分类: | ||
| 主题词: | 中华文化--zhong hua wen hua--文化史 | |
| 电子资源: | ||
| ISBN: | 978-7-208-16983-8 | |
| 000 | 01330nam0 2200265 450 | |
| 001 | 25569 | |
| 005 | 20220919111158.60 | |
| 010 | @a978-7-208-16983-8@dCNY99.00 | |
| 100 | @a20210517d2021 em y0chiy50 ea | |
| 101 | 0 | @achi |
| 102 | @aCN@b310000 | |
| 105 | @aaf z 000yy | |
| 200 | 1 | @a中华文化史@Azhong hua wen hua shi@d= The history of Chinese culture@h上册@f冯天瑜, 何晓明, 周积明著@zeng |
| 210 | @a上海@c上海人民出版社@d2021.04 | |
| 215 | @a442页@c图@d24cm | |
| 314 | @a冯天瑜, 武汉大学人文社会科学资深教授等职。何晓明, 湖北大学中国思想文化史研究所教授等。周积明, 湖北大学中国思想文化史研究所教授等。 | |
| 330 | @a本书以宏大的构思、新颖的理论、丰富的内容和严谨而优美的文笔, 全景展现了中华文化生成机制和波澜壮阔的发展历程。上编从地理背景、经济土壤、社会结构等方面分析了中华文化的生成机制, 重理论而又多有丰富史料的佐证 ; 下编勾画了自远古至中华人民共和国成立这一时段内中华文化自发生到一统、多元、隆盛、内省、融合、陈暮开新、烂熟式微、蜕变新生的发展历程, 多描述而又不乏精辟议论的概括。 | |
| 510 | 1 | @aHistory of Chinese culture@zeng |
| 606 | 0 | @a中华文化@Azhong hua wen hua@x文化史 |
| 690 | @aK203@v5 | |
| 701 | 0 | @a冯天瑜,@Afeng tian yu@f1942-@4著 |
| 701 | 0 | @a何晓明,@Ahe xiao ming@f1951-@4著 |
| 701 | 0 | @a周积明,@Azhou ji ming@f1949-@4著 |
| 801 | 0 | @aCN@c20220910 |
| 905 | @a河南城建学院图书馆@dK203@eF520:1@f1 | |
| 中华文化史= The history of Chinese culture.上册/冯天瑜, 何晓明, 周积明著.-上海:上海人民出版社,2021.04 |
| 442页:图;24cm |
| ISBN 978-7-208-16983-8:CNY99.00 |
| 本书以宏大的构思、新颖的理论、丰富的内容和严谨而优美的文笔, 全景展现了中华文化生成机制和波澜壮阔的发展历程。上编从地理背景、经济土壤、社会结构等方面分析了中华文化的生成机制, 重理论而又多有丰富史料的佐证 ; 下编勾画了自远古至中华人民共和国成立这一时段内中华文化自发生到一统、多元、隆盛、内省、融合、陈暮开新、烂熟式微、蜕变新生的发展历程, 多描述而又不乏精辟议论的概括。 |
| ● |
| 相关链接 |
|
|
|
正题名:中华文化史
索取号:K203/F520:1
 
预约/预借
| 序号 | 登录号 | 条形码 | 馆藏地/架位号 | 状态 | 备注 |
| 1 | 1576410 | 215764108 | 社科库309/309社科库 105排6列3层/ [索取号:K203/F520:1] | 在馆 |